| 000 | 00738nam a2200205 i 4500 | ||
|---|---|---|---|
| 001 | 186849 | ||
| 003 | ES-MaACL | ||
| 005 | 20251004063228.0 | ||
| 008 | 170222s1910 sp |||| | spa d | ||
| 080 | _a821.134.2-32"18" | ||
| 100 | 1 |
_aGutiérrez-Gamero, Emilio, _d1844-1936 _961149 |
|
| 245 | 1 | 0 |
_aLa venganza de Elvirita / _cnovela de Gutiérrez-Gamero; ilustraciones de Fernández-Mota. |
| 260 |
_aMadrid : _bLos Contemporáneos, _c1910. |
||
| 300 |
_a[20] p. : _bil. ; _c28 cm. |
||
| 490 | 1 |
_aLos contemporáneos ; _v95 |
|
| 700 | 1 |
_aMota, F. ( _dfl. 1901) _949947 |
|
| 830 | 0 |
_aLos contemporáneos ; _v95 _9185715 |
|
| 852 |
_aES-MaACL _jR-2599(16) _z.- Ejemplar deteriorado, faltan páginas |
||
| 999 |
_c186849 _d186849 |
||